ბათუმის შოთა რუსთაველის სახელმწიფო უნივერსიტეტის ბიბლიოთეკა

Thompson & Thompson genetics in medicine. (ბიბ.ჩანაწერი № 42967)

000 -LEADER
fixed length control field 01628cam a22003974a 4500
001 - CONTROL NUMBER
control field 14591283
005 - DATE AND TIME OF LATEST TRANSACTION
control field 20221116141058.0
008 - FIXED-LENGTH DATA ELEMENTS--GENERAL INFORMATION
fixed length control field 061010s2007 paua b 001 0 eng
010 ## - LIBRARY OF CONGRESS CONTROL NUMBER
LC control number 2006033374
016 7# - NATIONAL BIBLIOGRAPHIC AGENCY CONTROL NUMBER
Record control number 101289430
Source DNLM
020 ## - INTERNATIONAL STANDARD BOOK NUMBER
International Standard Book Number 1416030808
020 ## - INTERNATIONAL STANDARD BOOK NUMBER
International Standard Book Number 9781416030805x
035 ## - SYSTEM CONTROL NUMBER
System control number (OCoLC)ocm72774424
035 ## - SYSTEM CONTROL NUMBER
System control number (OCoLC)72774424
080 ## - UNIVERSAL DECIMAL CLASSIFICATION NUMBER
Universal Decimal Classification number 579.2(075.8) :61 G-36
100 1# - MAIN ENTRY--PERSONAL NAME
Personal name Nussbaum, Robert L.,
Dates associated with a name 1950-
9 (RLIN) 7357
245 10 - TITLE STATEMENT
Title Thompson & Thompson genetics in medicine.
246 30 - VARYING FORM OF TITLE
Title proper/short title Genetics in medicine
246 3# - VARYING FORM OF TITLE
Title proper/short title Thompson and Thompson genetics in medicine
250 ## - EDITION STATEMENT
Edition statement 7th ed. /
Remainder of edition statement Robert L. Nussbaum, Roderick R. McInnes, Huntington F. Willard ; with clinical case studies updated and new cases prepared by Ada Hamosh.
264 ## - PRODUCTION, PUBLICATION, DISTRIBUTION, MANUFACTURE, AND COPYRIGHT NOTICE
Place of production, publication, distribution, manufacture Philadelphia :
Name of producer, publisher, distributor, manufacturer Saunders/Elsevier,
Date of production, publication, distribution, manufacture, or copyright notice c2007.
300 ## - PHYSICAL DESCRIPTION
Extent xi, 585 p. :
Other physical details ill. (some col.) ;
Dimensions 28 cm.
504 ## - BIBLIOGRAPHY, ETC. NOTE
Bibliography, etc. note Includes bibliographical references and index.
650 #0 - SUBJECT ADDED ENTRY--TOPICAL TERM
Topical term or geographic name entry element Medical genetics.
9 (RLIN) 7342
650 12 - SUBJECT ADDED ENTRY--TOPICAL TERM
Topical term or geographic name entry element Genetics, Medical.
9 (RLIN) 7358
653 ## - INDEX TERM--UNCONTROLLED
keyword გენეტიკა მედიცინაში
653 ## - INDEX TERM--UNCONTROLLED
keyword მედიცინა
700 1# - ADDED ENTRY--PERSONAL NAME
Personal name McInnes, Roderick R.
9 (RLIN) 7359
700 1# - ADDED ENTRY--PERSONAL NAME
Personal name Willard, Huntington F.
9 (RLIN) 7360
700 1# - ADDED ENTRY--PERSONAL NAME
Personal name Thompson, Margaret W.
Fuller form of name (Margaret Wilson),
Dates associated with a name 1920-
Title of a work Thompson &Thompson genetics in medicine.
9 (RLIN) 7361
700 1# - ADDED ENTRY--PERSONAL NAME
Personal name Hamosh, Ada.
9 (RLIN) 7362
856 41 - ELECTRONIC LOCATION AND ACCESS
Materials specified Table of contents only
Uniform Resource Identifier http://www.loc.gov/catdir/toc/ecip072/2006033374.html
906 ## - LOCAL DATA ELEMENT F, LDF (RLIN)
a 7
b cbc
c orignew
d 1
e ecip
f 20
g y-gencatlg
942 ## - ADDED ENTRY ELEMENTS (KOHA)
Source of classification or shelving scheme
Koha item type წიგნი
ეგზემპლარები
Withdrawn status Lost status Source of classification or shelving scheme Damaged status Not for loan Permanent Location Current Location Shelving location Date acquired Cost, normal purchase price Full call number Barcode Date last seen Copy number Price effective from Koha item type Public note
          ბათუმის შოთა რუსთაველის სახელმწიფო უნივერსიტეტის მთავარი ბიბლიოთეკა ბათუმის შოთა რუსთაველის სახელმწიფო უნივერსიტეტის მთავარი ბიბლიოთეკა წიგნსაცავი 2018-12-17 190.00 579.2(075.8) :61 G-36 693 2018-12-17 693 2018-12-17 წიგნი 190 ლ.